000 01655nam a2200385 c 4500
003 BLK
005 20250204102848.0
008 180409b bul|||||r ||||||| ||bul||
010 _aKNG00146519000
020 _a978-954-8186-75-9
_bиздат.: Санома Блясък България
040 _aBLK
041 _aBUL
_cBUL
072 7 _2bullib
_aН15
_xПсихология Н
080 _aПсихология на пола
_b159.922.1
_x-055.1(02.062)
_z159.922.1-055.1(02.062)
100 1 _aСтримпъл, Зоуи
_eпърви автор
_9126513
700 1 _aХристова, Милена
_eпрев. от англ.
_9365181
139 _aСтримпъл, Зоуи
_bС 86
245 1 0 _aКакво, по дяволите, си мислят мъжете?
_cЗоуи Стримпъл; прев. от англ. Милена Христова.
257 _aGBR
260 София
_bСанома Блясък България
_c2011
_fСофия : Инвестпрес
300 _a240 с.
_c20 см
380 _a1
490 1 _aКолекция Cosmopolitan
500 _aОриг. загл. What the Hell is He Thinking? / Zoe Strimpel. - Кн. се продава само със сп. Cosmopolitan.
650 4 _aМъже - психология и поведение
_9243392
653 _aпсихология на личността
653 _aмъже
659 _aН
852 _aЦб 261718
856 4 _qpdf
_u
856 4 _qpdf
_u
942 _cKNG
_n0
_07
944 _aCR
_c19.07.2013
_lЦветелина Шанова
_k30531
944 _aED
_c13.11.2014
_lф /
_kЛюдмила_Стоянова
999 _c140457
_d140457